[Event "Morava-ch"]
[Site "Orlova"]
[Date "2023.10.27"]
[Round "6"]
[White "Melecky, Martin"]
[Black "Grausgruber, Jiri"]
[Result "0-1"]
[WhiteElo "1138"]
[BlackElo "1497"]
[PlyCount "65"]
[EventDate "2023.10.24"]
[EventType "swiss"]
[EventRounds "9"]
[EventCountry "CZE"]
[SourceTitle "Mega2024 Update 01"]
[Source "Chessbase"]
[SourceDate "2023.11.12"]
[SourceVersion "1"]
[SourceVersionDate "2023.11.12"]
[SourceQuality "1"]

1. d4 Nf6 2. Bg5 d5 3. Bxf6 gxf6 4. c4 e5 5. dxe5 Bb4+ 6. Nc3 d4 7. a3 dxc3 8. Qxd8+ Kxd8 9. axb4 cxb2 10. Rb1 fxe5 11. Rxb2 a5 12. b5 Be6 13. e3 Nd7 14. Nf3 f6 15. Nd2 Nc5 16. f4 e4 17. Kf2 Ke7 18. h3 f5 19. Rc2 Rhd8 20. Be2 Nd3+ 21. Bxd3 Rxd3 22. g4 Rad8 23. Ke2 fxg4 24. Nxe4 gxh3 25. Rg1 Bf5 26. Nf2 Rxe3+ 27. Kxe3 Bxc2 28. Nxh3 Rd3+ 29. Ke2 Rxh3 30. Kd2 Bg6 31. Re1+ Kf6 32. Re5 h5 33. Re8 0-1

[Event "Morava-ch"]
[Site "Orlova"]
[Date "2023.10.26"]
[Round "5"]
[White "Borkovec, Ondrej"]
[Black "Melecky, Martin"]
[Result "1-0"]
[WhiteElo "1486"]
[BlackElo "1138"]
[PlyCount "89"]
[EventDate "2023.10.24"]
[EventType "swiss"]
[EventRounds "9"]
[EventCountry "CZE"]
[SourceTitle "Mega2024 Update 01"]
[Source "Chessbase"]
[SourceDate "2023.11.12"]
[SourceVersion "1"]
[SourceVersionDate "2023.11.12"]
[SourceQuality "1"]

1. d4 Nf6 2. c4 g6 3. Nc3 d5 4. cxd5 Nxd5 5. e4 Nxc3 6. bxc3 Bg7 7. Nf3 c5 8. Rb1 Nc6 9. d5 Bxc3+ 10. Bd2 Bxd2+ 11. Qxd2 Na5 12. Bb5+ Bd7 13. Bxd7+ Kxd7 14. Ne5+ Ke8 15. Qf4 f6 16. Ng4 Nc4 17. 0-0 Qb8 18. Qc1 Nd6 19. e5 fxe5 20. Nxe5 Qc7 21. Re1 Rd8 22. Qc3 Rf8 23. Ng4 Kd7 24. Qh3 Kc8 25. Qxh7 Nf5 26. Qxg6 Rxd5 27. Qe6+ Qd7 28. Qxd7+ Rxd7 29. Ne5 Rc7 30. Nc4 Rd8 31. g3 a6 32. a4 Rd4 33. Nb6+ Kb8 34. Re5 Nd6 35. Nd5 Rd7 36. Nxe7 Rxa4 37. Nd5 b5 38. Nb6 Kc7 39. Nxa4 bxa4 40. Rxc5+ Kd8 41. Ra5 Nb7 42. Rxa4 Nc5 43. Ra5 Rc7 44. Rd1+ Kc8 45. Rc1 1-0